00230nam a22000977a 4500003000400000082001600004100003000020245002800050260004600078300000800124SGT a341.23bUNP aUNITED NATION PUBLICATION aEVERYMANS UNITED NATION aNEW YORKbUNITED NATION PUBLICATIONc1968 a634